<?xml version="1.0" encoding="UTF-8" ?>
<collection xmlns="http://www.loc.gov/MARC21/slim"><record><leader>00983nab a2200253 cc4500</leader><controlfield tag="001">128277</controlfield><controlfield tag="003">CH-000273-5</controlfield><controlfield tag="005">20170728152750.0</controlfield><datafield tag="022" ind1=" " ind2=" "><subfield code="a">0932-7169</subfield></datafield><datafield tag="035" ind1=" " ind2=" "><subfield code="a">(OCoLC)1005850978</subfield></datafield><datafield tag="040" ind1=" " ind2=" "><subfield code="a">CH-000273-5</subfield><subfield code="b">ger</subfield><subfield code="e">rda</subfield></datafield><datafield tag="041" ind1=" " ind2=" "><subfield code="a">ger</subfield></datafield><datafield tag="245" ind1="0" ind2="4"><subfield code="a">Die weissen Blätter</subfield><subfield code="b">eine Monatsschrift</subfield><subfield code="n">3. Jahrgang (1916), 1. Heft (Januar)</subfield></datafield><datafield tag="264" ind1="0" ind2="1"><subfield code="a">Leipzig</subfield><subfield code="b">Verlag der Weißen Blätter</subfield><subfield code="c">Januar 1916</subfield></datafield><datafield tag="300" ind1=" " ind2=" "><subfield code="a">16 ungezählte Seiten, 136 Seiten</subfield><subfield code="c">23,5 cm</subfield><subfield code="e">1 Brief, 1 Seite</subfield></datafield><datafield tag="310" ind1=" " ind2=" "><subfield code="a">Monatlich</subfield></datafield><datafield tag="336" ind1=" " ind2=" "><subfield code="a">Text</subfield><subfield code="b">txt</subfield><subfield code="2">rdacontent</subfield></datafield><datafield tag="337" ind1=" " ind2=" "><subfield code="a">ohne Hilfsmittel zu benutzen</subfield><subfield code="b">n</subfield><subfield code="2">rdamedia</subfield></datafield><datafield tag="338" ind1=" " ind2=" "><subfield code="a">Band</subfield><subfield code="b">nc</subfield><subfield code="2">rdacarrier</subfield></datafield><datafield tag="501" ind1=" " ind2=" "><subfield code="a">Brief an Ing. Emil Russ in Pilsen von Fritz G[...] aus Wien, Mitarbeiter der Firma Gustaf Göransson</subfield></datafield><datafield tag="655" ind1="0" ind2="7"><subfield code="a">Zeitschrift</subfield><subfield code="2">gnd-content</subfield></datafield><datafield tag="773" ind1=" " ind2=" "><subfield code="t">Die weissen Blätter</subfield><subfield code="w">(CH-000273-5)25801</subfield></datafield><datafield tag="852" ind1="4" ind2="0"><subfield code="a">CH-000273-5</subfield><subfield code="c">DADA III:65:3:1</subfield></datafield><datafield tag="856" ind1="4" ind2="1"><subfield code="u">https://digital.kunsthaus.ch:443/viewer/image/128277/1/</subfield><subfield code="y">Kunsthaus Zürich Sammlungen online</subfield></datafield></record></collection>